Millionaires and managers (Record no. 24164)

MARC details
000 -LEADER
fixed length control field 00302nam a2200121Ia 4500
082 ## - DEWEY DECIMAL CLASSIFICATION NUMBER
Classification number 658.15
Item number MEN
100 ## - MAIN ENTRY--AUTHOR NAME
Personal name Menshikov, S
245 #0 - TITLE STATEMENT
Title Millionaires and managers
260 ## - PUBLICATION, DISTRIBUTION, ETC. (IMPRINT)
Place of publication Moscow
Name of publisher Progress
Year of publication 1973
650 ## - SUBJECT ADDED ENTRY--TOPICAL TERM
Topical Term Financial management
942 ## - ADDED ENTRY ELEMENTS (KOHA)
Koha item type Books
Holdings
Withdrawn status Lost status Damaged status Not for loan Home library Current library Date acquired Cost, normal purchase price Full call number Accession Number Koha item type
        RRII Library RRII Library 16/12/2021 7.50 658.15 MEN 04848 Books